000 00671nam a2200205 i 4500
001 183394
003 ES-MaACL
005 20250815070156.0
008 140414s1912 it | |||| ||ita d
100 1 _aGuidiccioni, Giovanni (
_d1500-1541)
_9154704
245 1 0 _aRime /
_cG. Guidiccioni ; F. Coppetta Beccutti ; a cura di Ezio Chiorboli.
260 _aBari :
_bGius. Laterza & Figli,
_c1912.
300 _a363 p. ;
_c21 cm.
490 1 _aScrittori d'Italia ;
_v35
700 1 _aBeccuti, Francesco (
_d1509-1553)
_9154705
700 1 _aChiorboli, Ezio.
_9154706
830 0 0 _aScrittori d'Italia
_v35
_9191925
852 _aES-MaACL
_jG-3736
999 _c183394
_d183394